00397nam a22001337a 450000500170000000800410001702000180005808200170007610000210009324500320011426000600014630000120020650000450021820250410033924.0250410b |||||||| |||| 00| 0 eng d a9789350550281 222a100bVAI aSubramaniyasivam aVaikam Virar E.V.R. Periyar aChennaibApple Publishing International (Pvt) Ltdc2011 a64 p ., aE.V.R. Periyar padriya kadoorai puthagam